[Event "ODJM B 2025"]
[Site "Willingen GER"]
[Date "2025.06.09"]
[Round "3"]
[White "Malinowsky, Celina"]
[Black "Huppert, Anna"]
[Result "1/2-1/2"]
[Termination "normal"]
[Board "34"]
[WhiteElo "1742"]
[BlackElo "1630"]
[WhiteClock "00:04:51"]
[BlackClock "00:07:18"]
[PlyCount "77"]
[WhiteFideId "16266986"]
[BlackFideId "16214439"]
[EventCountry "GER"]
[EventRounds "9"]
[EventType "swiss"]
[EventDate "2025.06.07"]

1. e4 {[%clk 01:30:54]} {[%emt 00:00:05]} e6 {[%clk 01:30:55]} {[%emt
00:00:05]} 2. d4 {[%clk 01:31:09]} {[%emt 00:00:14]} d5 {[%clk 01:31:19]}
{[%emt 00:00:06]} 3. Nc3 {[%clk 01:31:05]} {[%emt 00:00:35]} Nf6 {[%clk
01:31:31]} {[%emt 00:00:18]} 4. e5 {[%clk 01:31:14]} {[%emt 00:00:20]} Nfd7
{[%clk 01:31:56]} {[%emt 00:00:06]} 5. f4 {[%clk 01:30:37]} {[%emt 00:01:07]}
c5 {[%clk 01:32:06]} {[%emt 00:00:20]} 6. Be3 {[%clk 01:29:27]} {[%emt
00:01:40]} Nc6 {[%clk 01:31:24]} {[%emt 00:01:12]} 7. Nf3 {[%clk 01:28:22]}
{[%emt 00:01:34]} cxd4 {[%clk 01:31:11]} {[%emt 00:00:45]} 8. Nxd4 {[%clk
01:28:10]} {[%emt 00:00:41]} Qb6 {[%clk 01:30:26]} {[%emt 00:01:15]} 9. Qd2
{[%clk 01:21:27]} {[%emt 00:07:13]} Qxb2 {[%clk 01:29:27]} {[%emt 00:01:28]}
10. Rb1 {[%clk 01:21:35]} {[%emt 00:00:23]} Qa3 {[%clk 01:28:54]} {[%emt
00:01:02]} 11. Bb5 {[%clk 01:11:21]} {[%emt 00:10:45]} Nxd4 {[%clk 01:28:08]}
{[%emt 00:01:16]} 12. Bxd4 {[%clk 01:08:56]} {[%emt 00:02:54]} a6 {[%clk
01:27:26]} {[%emt 00:01:13]} 13. Bxd7+ {[%clk 01:05:37]} {[%emt 00:03:49]} Bxd7
{[%clk 01:26:54]} {[%emt 00:01:01]} 14. Rb3 {[%clk 00:58:58]} {[%emt 00:07:10]}
Qe7 {[%clk 01:26:35]} {[%emt 00:00:48]} 15. Rxb7 {[%clk 00:58:04]} {[%emt
00:01:25]} Qd8 {[%clk 01:25:30]} {[%emt 00:01:34]} 16. O-O {[%clk 00:55:38]}
{[%emt 00:02:57]} Rc8 {[%clk 01:22:13]} {[%emt 00:03:46]} 17. Rfb1 {[%clk
00:48:43]} {[%emt 00:07:26]} Bc5 {[%clk 01:18:46]} {[%emt 00:03:56]} 18. Bxc5
{[%clk 00:41:12]} {[%emt 00:08:02]} Rxc5 {[%clk 01:18:50]} {[%emt 00:00:26]}
19. Qd3 {[%clk 00:39:29]} {[%emt 00:02:12]} O-O {[%clk 01:15:54]} {[%emt
00:03:27]} 20. R1b3 {[%clk 00:35:40]} {[%emt 00:04:19]} Rc4 {[%clk 01:08:51]}
{[%emt 00:07:32]} 21. g3 {[%clk 00:33:40]} {[%emt 00:02:31]} Qc8 {[%clk
01:05:46]} {[%emt 00:03:35]} 22. Kf1 {[%clk 00:28:08]} {[%emt 00:06:01]} a5
{[%clk 00:50:40]} {[%emt 00:15:37]} 23. Ra7 {[%clk 00:26:11]} {[%emt 00:02:27]}
a4 {[%clk 00:43:19]} {[%emt 00:07:51]} 24. Ra3 {[%clk 00:16:11]} {[%emt
00:10:30]} Qc5 {[%clk 00:38:07]} {[%emt 00:05:41]} 25. Rxd7 {[%clk 00:13:16]}
{[%emt 00:03:25]} Qxa3 {[%clk 00:37:42]} {[%emt 00:00:55]} 26. Nb5 {[%clk
00:11:38]} {[%emt 00:02:08]} Qc1+ {[%clk 00:35:50]} {[%emt 00:02:21]} 27. Kg2
{[%clk 00:11:29]} {[%emt 00:00:39]} Qxc2+ {[%clk 00:35:40]} {[%emt 00:00:41]}
28. Qxc2 {[%clk 00:11:53]} {[%emt 00:00:06]} Rxc2+ {[%clk 00:36:03]} {[%emt
00:00:07]} 29. Kf3 {[%clk 00:12:15]} {[%emt 00:00:08]} Rxa2 {[%clk 00:36:18]}
{[%emt 00:00:16]} 30. Ra7 {[%clk 00:11:55]} {[%emt 00:00:50]} Rb8 {[%clk
00:36:23]} {[%emt 00:00:24]} 31. Nd6 {[%clk 00:12:02]} {[%emt 00:00:23]} h5
{[%clk 00:35:38]} {[%emt 00:01:15]} 32. f5 {[%clk 00:11:51]} {[%emt 00:00:42]}
Rb3+ {[%clk 00:34:22]} {[%emt 00:01:46]} 33. Kf4 {[%clk 00:12:11]} {[%emt
00:00:10]} Rb8 {[%clk 00:15:19]} {[%emt 00:19:33]} 34. Rxf7 {[%clk 00:08:56]}
{[%emt 00:03:44]} exf5 {[%clk 00:14:52]} {[%emt 00:00:56]} 35. Kg5 {[%clk
00:08:36]} {[%emt 00:00:51]} Rf8 {[%clk 00:13:24]} {[%emt 00:01:58]} 36. Ra7
{[%clk 00:08:15]} {[%emt 00:00:51]} d4 {[%clk 00:08:42]} {[%emt 00:05:12]} 37.
Kg6 {[%clk 00:07:43]} {[%emt 00:01:03]} Rd8 {[%clk 00:06:59]} {[%emt 00:02:13]}
38. Rxg7+ {[%clk 00:07:11]} {[%emt 00:01:02]} Kf8 {[%clk 00:07:18]} {[%emt
00:00:10]} 39. Rf7+ {[%clk 00:04:51]} {[%emt 00:02:50]} 1/2-1/2

[Event "ODJM B 2025"]
[Site "Willingen GER"]
[Date "2025.06.09"]
[Round "3"]
[White "Gutsche, Jan-Frederic"]
[Black "Ebel, Felix"]
[Result "1/2-1/2"]
[Termination "normal"]
[Board "36"]
[WhiteElo "1742"]
[BlackElo "1605"]
[WhiteClock "00:07:53"]
[BlackClock "01:03:11"]
[PlyCount "49"]
[WhiteFideId "34683631"]
[BlackFideId "34651446"]
[EventCountry "GER"]
[EventRounds "9"]
[EventType "swiss"]
[EventDate "2025.06.07"]

1. e4 {[%clk 01:30:58]} {[%emt 00:00:02]} e6 {[%clk 01:30:57]} {[%emt
00:00:03]} 2. d4 {[%clk 01:31:18]} {[%emt 00:00:10]} d5 {[%clk 01:31:24]}
{[%emt 00:00:04]} 3. exd5 {[%clk 01:30:44]} {[%emt 00:01:03]} exd5 {[%clk
01:31:48]} {[%emt 00:00:06]} 4. Bd3 {[%clk 01:31:04]} {[%emt 00:00:10]} c5
{[%clk 01:31:33]} {[%emt 00:00:45]} 5. c3 {[%clk 01:30:07]} {[%emt 00:01:27]}
cxd4 {[%clk 01:31:49]} {[%emt 00:00:15]} 6. cxd4 {[%clk 01:30:20]} {[%emt
00:00:16]} Nc6 {[%clk 01:31:56]} {[%emt 00:00:24]} 7. Nf3 {[%clk 01:27:25]}
{[%emt 00:03:25]} Bg4 {[%clk 01:31:41]} {[%emt 00:00:45]} 8. Nbd2 {[%clk
01:14:23]} {[%emt 00:13:31]} Nf6 {[%clk 01:29:53]} {[%emt 00:02:19]} 9. h3
{[%clk 01:08:49]} {[%emt 00:06:03]} Bh5 {[%clk 01:28:04]} {[%emt 00:02:20]} 10.
Be2 {[%clk 01:03:11]} {[%emt 00:06:08]} Bxf3 {[%clk 01:19:57]} {[%emt
00:08:36]} 11. Nxf3 {[%clk 01:02:55]} {[%emt 00:00:46]} Bb4+ {[%clk 01:20:16]}
{[%emt 00:00:11]} 12. Bd2 {[%clk 01:00:33]} {[%emt 00:02:52]} Qa5 {[%clk
01:20:22]} {[%emt 00:00:24]} 13. a3 {[%clk 00:44:16]} {[%emt 00:16:47]} Bxd2+
{[%clk 01:20:37]} {[%emt 00:00:16]} 14. Qxd2 {[%clk 00:44:43]} {[%emt
00:00:02]} Qxd2+ {[%clk 01:20:42]} {[%emt 00:00:25]} 15. Kxd2 {[%clk 00:45:09]}
{[%emt 00:00:04]} O-O {[%clk 01:19:02]} {[%emt 00:02:11]} 16. Rhd1 {[%clk
00:36:50]} {[%emt 00:08:49]} Rfe8 {[%clk 01:17:49]} {[%emt 00:01:43]} 17. Ke1
{[%clk 00:33:40]} {[%emt 00:03:39]} Re7 {[%clk 01:15:54]} {[%emt 00:02:26]} 18.
Kf1 {[%clk 00:32:15]} {[%emt 00:01:54]} a6 {[%clk 01:15:13]} {[%emt 00:01:11]}
19. Rac1 {[%clk 00:31:29]} {[%emt 00:01:16]} Ne4 {[%clk 01:10:19]} {[%emt
00:05:25]} 20. b4 {[%clk 00:24:51]} {[%emt 00:07:07]} Na7 {[%clk 01:08:18]}
{[%emt 00:02:32]} 21. Rc2 {[%emt 00:05:01]} Rc8 {[%clk 01:08:04]} {[%emt
00:00:07]} 22. Rdc1 {[%clk 00:20:38]} {[%emt 00:00:48]} Rxc2 {[%clk 01:05:39]}
{[%emt 00:02:55]} 23. Rxc2 {[%clk 00:21:06]} {[%emt 00:00:03]} h6 {[%clk
01:05:29]} {[%emt 00:00:39]} 24. Bd3 {[%clk 00:11:34]} {[%emt 00:10:02]} f6
{[%clk 01:03:11]} {[%emt 00:02:49]} 25. g4 {[%clk 00:07:53]} 1/2-1/2

[Event "ODJM B 2025"]
[Site "Willingen GER"]
[Date "2025.06.09"]
[Round "3"]
[White "Mai, Mariella"]
[Black "Kandora, William"]
[Result "1-0"]
[Termination "normal"]
[Board "37"]
[WhiteElo "1738"]
[BlackElo "1570"]
[WhiteClock "00:14:54"]
[BlackClock "00:34:11"]
[PlyCount "67"]
[WhiteFideId "16281780"]
[BlackFideId "34684247"]
[EventCountry "GER"]
[EventRounds "9"]
[EventType "swiss"]
[EventDate "2025.06.07"]

1. Nf3 {[%clk 01:30:57]} {[%emt 00:00:02]} Nf6 {[%clk 01:30:48]} {[%emt
00:00:13]} 2. b3 {[%clk 01:31:12]} {[%emt 00:00:15]} e6 {[%clk 01:30:35]}
{[%emt 00:00:43]} 3. e3 {[%clk 01:30:55]} {[%emt 00:00:47]} c5 {[%clk
01:30:11]} {[%emt 00:00:54]} 4. Bb2 {[%clk 01:30:45]} {[%emt 00:00:40]} Be7
{[%clk 01:30:25]} {[%emt 00:00:16]} 5. Be2 {[%clk 01:29:44]} {[%emt 00:01:31]}
Nc6 {[%clk 01:30:42]} {[%emt 00:00:13]} 6. O-O {[%clk 01:28:29]} {[%emt
00:01:44]} O-O {[%clk 01:31:05]} {[%emt 00:00:08]} 7. c4 {[%clk 01:27:15]}
{[%emt 00:01:44]} Qc7 {[%clk 01:30:40]} {[%emt 00:00:54]} 8. d4 {[%clk
01:25:32]} {[%emt 00:02:14]} cxd4 {[%clk 01:30:15]} {[%emt 00:00:55]} 9. exd4
{[%clk 01:22:32]} {[%emt 00:03:30]} d5 {[%clk 01:30:28]} {[%emt 00:00:16]} 10.
Nbd2 {[%clk 01:18:00]} {[%emt 00:05:01]} b6 {[%clk 01:27:16]} {[%emt 00:03:44]}
11. Rc1 {[%clk 01:17:22]} {[%emt 00:01:07]} a5 {[%clk 01:26:35]} {[%emt
00:01:12]} 12. cxd5 {[%clk 01:10:23]} {[%emt 00:07:28]} Nxd5 {[%clk 01:26:17]}
{[%emt 00:00:48]} 13. Bb5 {[%clk 01:04:07]} {[%emt 00:06:47]} Ndb4 {[%clk
01:20:34]} {[%emt 00:06:12]} 14. a3 {[%clk 01:03:24]} {[%emt 00:01:13]} Ba6
{[%clk 01:20:56]} {[%emt 00:00:09]} 15. Qe2 {[%clk 00:59:03]} {[%emt 00:04:51]}
Na2 {[%clk 01:05:40]} {[%emt 00:15:45]} 16. Bxa6 {[%clk 00:43:41]} {[%emt
00:15:52]} Nxc1 {[%clk 01:04:50]} {[%emt 00:01:20]} 17. Rxc1 {[%clk 00:43:57]}
{[%emt 00:00:15]} Qa7 {[%clk 01:04:26]} {[%emt 00:00:53]} 18. Bb5 {[%clk
00:42:40]} {[%emt 00:01:47]} Nb8 {[%clk 00:59:12]} {[%emt 00:05:45]} 19. Ne5
{[%clk 00:38:05]} {[%emt 00:05:05]} Bg5 {[%clk 00:52:12]} {[%emt 00:07:29]} 20.
g3 {[%clk 00:34:02]} {[%emt 00:04:32]} Na6 {[%clk 00:46:48]} {[%emt 00:05:55]}
21. f4 {[%clk 00:31:33]} {[%emt 00:02:59]} Bf6 {[%clk 00:46:45]} {[%emt
00:00:33]} 22. Nd7 {[%clk 00:29:58]} {[%emt 00:02:05]} Rfd8 {[%clk 00:46:52]}
{[%emt 00:00:23]} 23. Nxf6+ {[%clk 00:28:35]} {[%emt 00:01:54]} gxf6 {[%clk
00:47:11]} {[%emt 00:00:11]} 24. d5 {[%clk 00:20:34]} {[%emt 00:08:31]} Rxd5
{[%clk 00:45:51]} {[%emt 00:01:49]} 25. Bxf6 {[%clk 00:20:00]} {[%emt
00:01:03]} h5 {[%clk 00:46:03]} {[%emt 00:00:18]} 26. Be5 {[%clk 00:16:17]}
{[%emt 00:04:13]} Rad8 {[%clk 00:43:09]} {[%emt 00:03:25]} 27. Ne4 {[%clk
00:16:07]} {[%emt 00:00:40]} Nc5 {[%clk 00:33:10]} {[%emt 00:10:29]} 28. Nf6+
{[%clk 00:15:31]} {[%emt 00:01:06]} Kf8 {[%clk 00:33:22]} {[%emt 00:00:18]} 29.
Nxd5 {[%clk 00:15:04]} {[%emt 00:00:58]} Rxd5 {[%clk 00:33:44]} {[%emt
00:00:07]} 30. Qxh5 {[%clk 00:14:37]} {[%emt 00:00:57]} Ne4 {[%clk 00:34:03]}
{[%emt 00:00:11]} 31. Rc8+ {[%clk 00:14:36]} {[%emt 00:00:32]} Ke7 {[%clk
00:34:12]} {[%emt 00:00:20]} 32. Qh4+ {[%clk 00:14:53]} {[%emt 00:00:14]} Ng5
{[%clk 00:33:46]} {[%emt 00:00:55]} 33. Qxg5+ {[%clk 00:15:15]} {[%emt
00:00:08]} f6 {[%clk 00:34:11]} {[%emt 00:00:05]} 34. Qg7# {[%clk 00:14:54]}
{[%emt 00:00:09]} 1-0

[Event "ODJM B 2025"]
[Site "Willingen GER"]
[Date "2025.06.09"]
[Round "3"]
[White "Magezi, Noah"]
[Black "Wang, Enya Marie"]
[Result "1-0"]
[Termination "normal"]
[Board "38"]
[WhiteElo "1607"]
[BlackElo "1649"]
[WhiteClock "00:21:42"]
[BlackClock "00:11:32"]
[PlyCount "61"]
[WhiteFideId "34696113"]
[BlackFideId "34660330"]
[EventCountry "GER"]
[EventRounds "9"]
[EventType "swiss"]
[EventDate "2025.06.07"]

1. d4 {[%clk 01:30:58]} {[%emt 00:00:01]} d5 {[%clk 01:30:40]} {[%emt
00:00:20]} 2. c4 {[%clk 01:31:23]} {[%emt 00:00:06]} dxc4 {[%clk 01:30:54]}
{[%emt 00:00:16]} 3. e4 {[%clk 01:31:46]} {[%emt 00:00:07]} Nf6 {[%clk
01:31:08]} {[%emt 00:00:16]} 4. Nc3 {[%clk 01:31:55]} {[%emt 00:00:19]} e6
{[%clk 01:26:48]} {[%emt 00:04:51]} 5. Bxc4 {[%clk 01:31:18]} {[%emt 00:01:06]}
Nc6 {[%clk 01:25:17]} {[%emt 00:02:01]} 6. Nf3 {[%clk 01:30:20]} {[%emt
00:01:28]} Be7 {[%clk 01:24:37]} {[%emt 00:01:10]} 7. O-O {[%clk 01:26:37]}
{[%emt 00:04:14]} O-O {[%clk 01:24:35]} {[%emt 00:00:32]} 8. Bf4 {[%clk
01:18:33]} {[%emt 00:08:34]} a6 {[%clk 01:18:44]} {[%emt 00:06:21]} 9. Rc1
{[%clk 01:13:28]} {[%emt 00:05:35]} b5 {[%clk 01:15:47]} {[%emt 00:03:28]} 10.
Bb3 {[%emt 00:01:32]} Na5 {[%clk 01:08:39]} {[%emt 00:07:36]} 11. e5 {[%clk
01:02:39]} {[%emt 00:10:18]} Nd5 {[%clk 01:00:38]} {[%emt 00:08:31]} 12. Nxd5
{[%clk 01:00:04]} {[%emt 00:03:06]} exd5 {[%clk 01:00:37]} {[%emt 00:00:31]}
13. Bc2 {[%clk 00:58:54]} {[%emt 00:01:40]} Be6 {[%clk 00:53:31]} {[%emt
00:07:35]} 14. b3 {[%clk 00:49:32]} {[%emt 00:09:52]} Qd7 {[%clk 00:51:13]}
{[%emt 00:02:45]} 15. Ng5 {[%clk 00:43:23]} {[%emt 00:06:42]} Bf5 {[%clk
00:47:49]} {[%emt 00:03:48]} 16. e6 {[%clk 00:37:27]} {[%emt 00:06:31]} fxe6
{[%clk 00:43:43]} {[%emt 00:04:36]} 17. Bxf5 {[%clk 00:37:39]} {[%emt
00:00:19]} Rxf5 {[%clk 00:41:31]} {[%emt 00:02:42]} 18. Rxc7 {[%clk 00:37:55]}
{[%emt 00:00:14]} Qe8 {[%clk 00:40:36]} {[%emt 00:01:24]} 19. Nxe6 {[%clk
00:37:54]} {[%emt 00:00:32]} Rxf4 {[%clk 00:38:49]} {[%emt 00:02:17]} 20. Nxf4
{[%clk 00:37:21]} {[%emt 00:01:03]} Bd6 {[%clk 00:31:29]} {[%emt 00:07:49]} 21.
Re1 {[%clk 00:29:37]} {[%emt 00:08:14]} Qb8 {[%clk 00:29:13]} {[%emt 00:02:45]}
22. Rd7 {[%clk 00:28:44]} {[%emt 00:01:25]} Bxf4 {[%clk 00:27:42]} {[%emt
00:02:00]} 23. Qg4 {[%clk 00:28:02]} {[%emt 00:01:12]} Bh6 {[%clk 00:25:14]}
{[%emt 00:02:57]} 24. Ree7 {[%clk 00:26:46]} {[%emt 00:01:47]} Qf8 {[%clk
00:22:44]} {[%emt 00:02:59]} 25. Qe6+ {[%clk 00:23:51]} {[%emt 00:03:26]} Kh8
{[%clk 00:22:38]} {[%emt 00:00:37]} 26. Qb6 {[%clk 00:21:36]} {[%emt 00:02:44]}
Rc8 {[%clk 00:17:35]} {[%emt 00:05:32]} 27. Qxa5 {[%clk 00:21:36]} {[%emt
00:00:32]} Rc1+ {[%clk 00:17:39]} {[%emt 00:00:26]} 28. Re1 {[%clk 00:21:51]}
{[%emt 00:00:15]} Qe8 {[%clk 00:14:14]} {[%emt 00:03:47]} 29. Rxc1 {[%clk
00:21:58]} {[%emt 00:00:30]} Qxd7 {[%clk 00:14:22]} {[%emt 00:00:22]} 30. Qc7
{[%emt 00:01:03]} Qg4 {[%clk 00:11:32]} {[%emt 00:02:44]} 31. Qd8# {[%clk
00:21:42]} {[%emt 00:00:20]} 1-0

[Event "ODJM B 2025"]
[Site "Willingen GER"]
[Date "2025.06.09"]
[Round "3"]
[White "Matsarski, David"]
[Black "Päpke, Aaron"]
[Result "0-1"]
[Termination "normal"]
[Board "39"]
[WhiteElo "1723"]
[BlackElo "1652"]
[WhiteClock "00:40:39"]
[BlackClock "00:57:52"]
[PlyCount "70"]
[WhiteFideId "34663355"]
[BlackFideId "34684930"]
[EventCountry "GER"]
[EventRounds "9"]
[EventType "swiss"]
[EventDate "2025.06.07"]

1. e4 {[%clk 01:30:20]} {[%emt 00:00:38]} c5 {[%clk 01:30:30]} {[%emt
00:00:31]} 2. Nf3 {[%clk 01:30:43]} {[%emt 00:00:07]} Nc6 {[%clk 01:30:57]}
{[%emt 00:00:03]} 3. d4 {[%clk 01:31:07]} {[%emt 00:00:05]} cxd4 {[%clk
01:31:25]} {[%emt 00:00:04]} 4. Nxd4 {[%clk 01:31:14]} {[%emt 00:00:21]} Nf6
{[%clk 01:31:48]} {[%emt 00:00:07]} 5. Nc3 {[%clk 01:31:26]} {[%emt 00:00:19]}
e5 {[%clk 01:32:14]} {[%emt 00:00:04]} 6. Ndb5 {[%clk 01:31:41]} {[%emt
00:00:15]} d6 {[%clk 01:32:36]} {[%emt 00:00:08]} 7. a4 {[%clk 01:31:59]}
{[%emt 00:00:12]} h6 {[%clk 01:26:54]} {[%emt 00:06:13]} 8. Be2 {[%clk
01:31:24]} {[%emt 00:01:03]} Be6 {[%clk 01:26:20]} {[%emt 00:01:04]} 9. Nd5
{[%clk 01:30:27]} {[%emt 00:01:27]} Rc8 {[%clk 01:23:35]} {[%emt 00:03:16]} 10.
Nxf6+ {[%clk 01:23:46]} {[%emt 00:07:11]} gxf6 {[%clk 01:23:51]} {[%emt
00:00:14]} 11. Nc3 {[%clk 01:23:00]} {[%emt 00:01:17]} f5 {[%clk 01:22:27]}
{[%emt 00:01:53]} 12. exf5 {[%clk 01:20:47]} {[%emt 00:02:42]} Bxf5 {[%clk
01:21:27]} {[%emt 00:01:31]} 13. Be3 {[%clk 01:19:48]} {[%emt 00:01:28]} Nb4
{[%clk 01:21:15]} {[%emt 00:00:43]} 14. Bb5+ {[%clk 01:19:10]} {[%emt
00:01:07]} Ke7 {[%clk 01:19:47]} {[%emt 00:02:00]} 15. O-O {[%clk 01:15:36]}
{[%emt 00:04:03]} d5 {[%clk 01:18:58]} {[%emt 00:01:19]} 16. Qh5 {[%clk
01:13:47]} {[%emt 00:02:19]} Ke6 {[%clk 01:18:49]} {[%emt 00:00:39]} 17. Rad1
{[%clk 01:09:53]} {[%emt 00:04:24]} d4 {[%clk 01:12:25]} {[%emt 00:06:53]} 18.
Ne2 {[%clk 01:06:37]} {[%emt 00:03:47]} Nxc2 {[%clk 01:11:49]} {[%emt
00:01:07]} 19. Nxd4+ {[%clk 01:04:40]} {[%emt 00:02:27]} Nxd4 {[%clk 01:11:41]}
{[%emt 00:00:36]} 20. Bxd4 {[%clk 01:04:49]} {[%emt 00:00:21]} exd4 {[%clk
01:10:08]} {[%emt 00:02:04]} 21. Rfe1+ {[%clk 01:04:56]} {[%emt 00:00:23]} Kf6
{[%clk 01:10:27]} {[%emt 00:00:11]} 22. Bd3 {[%clk 01:04:07]} {[%emt 00:01:19]}
Qd5 {[%clk 01:10:04]} {[%emt 00:00:53]} 23. g4 {[%clk 00:56:29]} {[%emt
00:08:08]} Be6 {[%clk 01:08:40]} {[%emt 00:01:53]} 24. Qh4+ {[%clk 00:48:45]}
{[%emt 00:08:14]} Qg5 {[%clk 01:03:49]} {[%emt 00:05:22]} 25. Qg3 {[%clk
00:49:10]} {[%emt 00:00:06]} Qxg4 {[%clk 01:00:23]} {[%emt 00:03:55]} 26. Rxe6+
{[%clk 00:47:47]} {[%emt 00:01:53]} Qxe6 {[%clk 01:00:39]} {[%emt 00:00:13]}
27. Qh4+ {[%clk 00:47:50]} {[%emt 00:00:27]} Kg7 {[%clk 01:00:17]} {[%emt
00:00:52]} 28. Kh1 {[%clk 00:47:21]} {[%emt 00:01:00]} Be7 {[%clk 00:59:02]}
{[%emt 00:01:45]} 29. Qxd4+ {[%clk 00:47:13]} {[%emt 00:00:38]} Qf6 {[%clk
00:58:55]} {[%emt 00:00:38]} 30. Qg4+ {[%clk 00:46:18]} {[%emt 00:01:24]} Qg5
{[%clk 00:58:56]} {[%emt 00:00:29]} 31. Qd4+ {[%clk 00:46:14]} {[%emt
00:00:34]} Bf6 {[%clk 00:56:36]} {[%emt 00:02:50]} 32. Qe4 {[%clk 00:42:05]}
{[%emt 00:04:39]} Rhe8 {[%clk 00:56:52]} {[%emt 00:00:14]} 33. Qh7+ {[%clk
00:41:19]} {[%emt 00:01:16]} Kf8 {[%clk 00:57:16]} {[%emt 00:00:06]} 34. Rg1
{[%clk 00:40:38]} {[%emt 00:01:11]} Qd5+ {[%clk 00:57:29]} {[%emt 00:00:16]}
35. Be4 {[%clk 00:40:39]} {[%emt 00:00:30]} Qxe4+ {[%clk 00:57:52]} {[%emt
00:00:06]} 0-1

[Event "ODJM B 2025"]
[Site "Willingen GER"]
[Date "2025.06.09"]
[Round "3"]
[White "Dintinger, Ata Lucien"]
[Black "Er, Sadik Bugra"]
[Result "0-1"]
[Termination "normal"]
[Board "40"]
[WhiteElo "1557"]
[BlackElo "1728"]
[WhiteClock "00:36:00"]
[BlackClock "00:25:33"]
[PlyCount "62"]
[WhiteFideId "34654550"]
[BlackFideId "34660410"]
[EventCountry "GER"]
[EventRounds "9"]
[EventType "swiss"]
[EventDate "2025.06.07"]

1. e4 {[%clk 01:30:58]} {[%emt 00:00:02]} c5 {[%clk 01:30:55]} {[%emt
00:00:05]} 2. Nc3 {[%clk 01:31:06]} {[%emt 00:00:22]} Nc6 {[%clk 01:31:19]}
{[%emt 00:00:05]} 3. g3 {[%clk 01:31:12]} {[%emt 00:00:25]} g6 {[%clk
01:31:01]} {[%emt 00:00:47]} 4. Bg2 {[%clk 01:31:10]} {[%emt 00:00:32]} Bg7
{[%clk 01:31:25]} {[%emt 00:00:06]} 5. d3 {[%clk 01:31:03]} {[%emt 00:00:37]}
d6 {[%clk 01:29:28]} {[%emt 00:02:27]} 6. Be3 {[%clk 01:30:09]} {[%emt
00:01:25]} e6 {[%clk 01:28:42]} {[%emt 00:01:16]} 7. Qd2 {[%clk 01:29:38]}
{[%emt 00:01:00]} Nge7 {[%clk 01:28:40]} {[%emt 00:00:31]} 8. Nge2 {[%clk
01:29:40]} {[%emt 00:00:29]} Rb8 {[%clk 01:28:48]} {[%emt 00:00:22]} 9. O-O
{[%clk 01:28:37]} {[%emt 00:01:33]} Nd4 {[%clk 01:21:39]} {[%emt 00:07:40]} 10.
Nd1 {[%clk 01:20:15]} {[%emt 00:08:52]} Nxe2+ {[%clk 01:16:18]} {[%emt
00:05:51]} 11. Qxe2 {[%clk 01:20:01]} {[%emt 00:00:43]} O-O {[%clk 01:16:35]}
{[%emt 00:00:12]} 12. f4 {[%clk 01:17:58]} {[%emt 00:02:35]} b5 {[%clk
01:14:28]} {[%emt 00:02:37]} 13. Rb1 {[%clk 01:12:20]} {[%emt 00:06:08]} b4
{[%clk 01:12:47]} {[%emt 00:02:10]} 14. b3 {[%clk 01:12:12]} {[%emt 00:00:39]}
Qa5 {[%clk 01:07:24]} {[%emt 00:05:53]} 15. Nf2 {[%clk 01:11:21]} {[%emt
00:01:20]} Qxa2 {[%clk 01:07:22]} {[%emt 00:00:33]} 16. e5 {[%clk 01:10:57]}
{[%emt 00:00:55]} Nf5 {[%clk 00:52:15]} {[%emt 00:15:36]} 17. Ra1 {[%clk
00:51:25]} {[%emt 00:20:02]} Qb2 {[%clk 00:52:12]} {[%emt 00:00:32]} 18. Rxa7
{[%clk 00:45:53]} {[%emt 00:06:03]} Nxe3 {[%clk 00:41:26]} {[%emt 00:11:15]}
19. Qxe3 {[%clk 00:46:02]} {[%emt 00:00:22]} Qxc2 {[%clk 00:40:28]} {[%emt
00:01:28]} 20. exd6 {[%clk 00:46:15]} {[%emt 00:00:16]} Bd4 {[%clk 00:40:25]}
{[%emt 00:00:33]} 21. Qe4 {[%clk 00:44:24]} {[%emt 00:02:22]} Rd8 {[%clk
00:39:14]} {[%emt 00:01:40]} 22. Qc6 {[%clk 00:44:05]} {[%emt 00:00:49]} Bxf2+
{[%clk 00:31:05]} {[%emt 00:08:39]} 23. Rxf2 {[%clk 00:43:19]} {[%emt
00:01:16]} Qd1+ {[%clk 00:30:28]} {[%emt 00:01:07]} 24. Rf1 {[%clk 00:43:27]}
{[%emt 00:00:23]} Qxd3 {[%clk 00:30:38]} {[%emt 00:00:20]} 25. Qc7 {[%clk
00:43:32]} {[%emt 00:00:24]} Qd4+ {[%clk 00:30:20]} {[%emt 00:00:48]} 26. Kh1
{[%clk 00:43:02]} {[%emt 00:01:00]} Bd7 {[%clk 00:30:28]} {[%emt 00:00:22]} 27.
Ra8 {[%clk 00:35:35]} {[%emt 00:07:58]} Rxa8 {[%clk 00:25:36]} {[%emt
00:05:22]} 28. Bxa8 {[%clk 00:35:50]} {[%emt 00:00:14]} Rxa8 {[%clk 00:26:01]}
{[%emt 00:00:05]} 29. Qxd7 {[%clk 00:36:09]} {[%emt 00:00:12]} Qd5+ {[%clk
00:26:14]} {[%emt 00:00:17]} 30. Kg1 {[%clk 00:36:06]} {[%emt 00:00:33]} Ra2
{[%clk 00:26:15]} {[%emt 00:00:29]} 31. Rf2 {[%clk 00:36:00]} {[%emt 00:00:35]}
Qd4 {[%clk 00:25:33]} {[%emt 00:01:11]} 0-1